5HLuxD.jpg

KING HENRY VIII SENIOR AND PRIMARY SCHOOL LIBRARY OPAC

We're going on a bear hunt / (Record no. 2594)

000 -LEADER
fixed length control field 01212cam a2200337 a 4500
001 - CONTROL NUMBER
control field .b16287137
003 - CONTROL NUMBER IDENTIFIER
control field OCoLC
005 - DATE AND TIME OF LATEST TRANSACTION
control field 20230724142015.0
008 - FIXED-LENGTH DATA ELEMENTS--GENERAL INFORMATION
fixed length control field 080713r20031989nyua j 000 1 eng d
020 ## - INTERNATIONAL STANDARD BOOK NUMBER
International Standard Book Number 0689853491 (pbk.)
020 ## - INTERNATIONAL STANDARD BOOK NUMBER
International Standard Book Number 9780689853494 (pbk.) :
035 ## - SYSTEM CONTROL NUMBER
System control number (OCoLC)233814437
040 ## - CATALOGING SOURCE
Original cataloging agency SISRL
Transcribing agency SISRL
Modifying agency KH8
042 ## - AUTHENTICATION CODE
Authentication code nbic
082 ## - DEWEY DECIMAL CLASSIFICATION NUMBER
Classification number 823.91 ROS
100 1# - MAIN ENTRY--PERSONAL NAME
Personal name Rosen, Michael,
Dates associated with a name 1946-
Relator term author
245 10 - TITLE STATEMENT
Title We're going on a bear hunt /
Statement of responsibility, etc. retold by Michael Rosen ; illustrated by Helen Oxenbury.
250 ## - EDITION STATEMENT
Edition statement 1st Aladdin Paperbacks ed.
260 ## - PUBLICATION, DISTRIBUTION, ETC.
Place of publication, distribution, etc. New York, NY :
Name of publisher, distributor, etc. Aladdin Paperbacks,
Date of publication, distribution, etc. 1989, 2003.
300 ## - PHYSICAL DESCRIPTION
Extent 1 v. (unpaged) :
Other physical details col. ill. ;
Dimensions 25 x 28 cm.
500 ## - GENERAL NOTE
General note This edition first published 1989 in Great Britain by Walker Books Ltd, London.
520 ## - SUMMARY, ETC.
Summary, etc. Brave bear hunters go through grass, a river, mud, and other obstacles before the inevitable encounter with the bear forces a headlong retreat.
650 #1 - SUBJECT ADDED ENTRY--TOPICAL TERM
Topical term or geographic name entry element Bears
Form subdivision Fiction.
650 #1 - SUBJECT ADDED ENTRY--TOPICAL TERM
Topical term or geographic name entry element Hunting
Form subdivision Fiction.
650 #1 - SUBJECT ADDED ENTRY--TOPICAL TERM
Topical term or geographic name entry element Picture books.
650 #0 - SUBJECT ADDED ENTRY--TOPICAL TERM
Topical term or geographic name entry element Bears
Form subdivision Juvenile fiction.
650 #0 - SUBJECT ADDED ENTRY--TOPICAL TERM
Topical term or geographic name entry element Hunting
Form subdivision Juvenile fiction.
700 1# - ADDED ENTRY--PERSONAL NAME
Personal name Oxenbury, Helen.
Relator term author
942 ## - ADDED ENTRY ELEMENTS (KOHA)
Source of classification or shelving scheme
Koha item type Books - Fiction
Holdings
Withdrawn status Lost status Source of classification or shelving scheme Damaged status Not for loan Collection code Permanent Location Current Location Shelving location Date acquired Total Checkouts Full call number Barcode Date due Date last seen Date last checked out Price effective from Koha item type
          Fiction KH8 Primary School Library KH8 Primary School Library Non Fiction 2023-07-24 7 823.91 ROS KHPL000004289 2026-04-15 2026-04-07 2026-04-07 2023-07-24 Books - Fiction

Powered By KH8 IT Dept